000 01004nam a2200289 i 4500
001 bg
100 1 _aLEE, Thomas.
245 1 0 _aMicrosoft Windows 2000 protokoły i usługi TCP/IP :
_bprzewodnik techniczny /
_cThomas Lee i Joseph Davies.
246 _iTyt. oryg.:
_aMicrosoft Windows 2000 TCP/IP protocols and services technical reference
260 _aWarszawa :
_bAPN Promise,
_c2001.
300 _aXVIII, 507 s. ;
_c24 cm +
_eCD ROM.
500 _aTyt. oryg.: "Microsoft Windows 2000 TCP/IP protocols and services technical reference" 2000.
504 _aIndeks.
650 9 _aWindows 2000
650 9 _aTCP/IP
655 _aPodręczniki
700 1 _aDAVIES, Joseph
_d(1962- ).
700 1 _aBIOLIK, Leszek.
_eTł.
020 _a8388440047
040 _cBPK
041 1 _apol
_heng
080 _a004.057.4(07)
920 _a83-88440-04-7
942 _cKS
008 s pl f |000 0 pol
999 _c43369
_d43369
856 _uhttp://koha.tu.koszalin.pl/cgi-bin/koha/opac-detail.pl?biblionumber=43369
_yKatalog online BPK